Teoría de la constitución (Registro nro. 6869)
[ vista simple ]
| 000 -LEADER | |
|---|---|
| fixed length control field | 01164 a2200241 4500 |
| 001 - CONTROL NUMBER | |
| control field | 60053 |
| 005 - DATE AND TIME OF LATEST TRANSACTION | |
| control field | 20260407155852.0 |
| 008 - FIXED-LENGTH DATA ELEMENTS--GENERAL INFORMATION | |
| fixed length control field | 260407a1976 arg spa d |
| 003 - CONTROL NUMBER IDENTIFIER | |
| control field | AR-UNSa-BCEJYS |
| 040 ## - CATALOGING SOURCE | |
| Original cataloging agency | AR-UNSa-BCEJYS |
| Language of cataloging | spa |
| Transcribing agency | AR-UNSa-BCEJYS |
| 080 ## - UNIVERSAL DECIMAL CLASSIFICATION NUMBER | |
| Universal Decimal Classification number | 342.4 |
| Common auxiliary subdivision | Constituciones. Asambleas legislativas. Asambleas nacionales (Reforma...) |
| 020 ## - INTERNATIONAL STANDARD BOOK NUMBER | |
| International Standard Book Number | 84-344-1792-8 |
| 041 ## - LANGUAGE CODE | |
| Language code of text/sound track or separate title | spa |
| 100 1# - MAIN ENTRY--PERSONAL NAME | |
| Personal name | Loewenstein, Karl |
| 245 10 - TITLE STATEMENT | |
| Title | Teoría de la constitución |
| 250 ## - EDITION STATEMENT | |
| Edition statement | 2a. ed. |
| 264 #1 - PRODUCTION, PUBLICATION, DISTRIBUTION, MANUFACTURE, AND COPYRIGHT NOTICE | |
| Place of production, publication, distribution, manufacture | Barcelona : |
| Name of producer, publisher, distributor, manufacturer | Ariel |
| Date of production, publication, distribution, manufacture, or copyright notice | 1976 |
| 300 ## - PHYSICAL DESCRIPTION | |
| Extent | 619 p. |
| Dimensions | 20 cm. |
| 505 ## - FORMATTED CONTENTS NOTE | |
| Formatted contents note | 1. Sobre la anatomía del proceso del poder político - 2. Sobre la anatomía del proceso gubernamental - 3. Los tipos de gobierno dela autocracia - 4. Los tipos de gobierno de la democracia constitucional - 5. La constitución - 6. Controles interórganos - 7. Controles interórganos entre el Parlamento y el gobierno - 8. Controles interórganos de los tribunales frente al gobierno y al parlamento - 9. Controles interórganos del electorado frente al gobierno y el parlamento - |
| 590 ## - LOCAL NOTE (RLIN) | |
| Local note | niveau_biblio:m niveau_hierar:0 |
| 700 1# - ADDED ENTRY--PERSONAL NAME | |
| Personal name | Gallego Anabitarte, Alfredo |
| 942 ## - ADDED ENTRY ELEMENTS (KOHA) | |
| Koha item type | |
| Withdrawn status | Lost status | Damaged status | Not for loan | Home library | Current library | Shelving location | Date acquired | Total checkouts | Full call number | Barcode | Date last seen | Price effective from | Koha item type |
|---|---|---|---|---|---|---|---|---|---|---|---|---|---|
| Biblioteca Prof. Eusebio Cleto del Rey | Biblioteca Prof. Eusebio Cleto del Rey | 07/04/2026 | 342.4 L827 2ed. | L35858 | 07/04/2026 | 07/04/2026 | Libro | ||||||
| Biblioteca Prof. Eusebio Cleto del Rey | Biblioteca Prof. Eusebio Cleto del Rey | 07/04/2026 | 342.4 L827 2ed. | L35859 | 07/04/2026 | 07/04/2026 | Libro |